International bibliography of business history
Αποθηκεύτηκε σε:
| Άλλοι συγγραφείς: | , , |
|---|---|
| Μορφή: | Βιβλίο |
| Γλώσσα: | English |
| Δημοσίευση: |
London :
Routledge,
c1997
|
| Θέματα: | |
| Ετικέτες: |
Προσθήκη ετικέτας
Δεν υπάρχουν, Καταχωρήστε ετικέτα πρώτοι!
|
MARC
| LEADER | 00000nam a2200000 i 4500 | ||
|---|---|---|---|
| 001 | 1/76803 | ||
| 008 | 990401s1997 eng d | ||
| 020 | |a 0-415-08641-8 | ||
| 035 | |l 10049697 | ||
| 040 | |a GR-MY-UA |b gre |e aacr | ||
| 041 | 0 | |a eng | |
| 082 | 0 | |a 016.3387 | |
| 245 | 1 | 0 | |a International bibliography of business history / |c edited by Francis Goodall, Terry Gourvish and Steven Tolliday |
| 260 | |a London : |b Routledge, |c c1997 | ||
| 300 | |a 668 p. | ||
| 504 | |a Includes indexes | ||
| 650 | 0 | 0 | |a Business |x History |x Bibliography. |
| 650 | 0 | 0 | |a Industries |x History |x Bibliography. |
| 700 | 1 | |a Goodall, Francis |d 1931- |4 edt | |
| 700 | 1 | |a Gourvish, T. R. |q (Terence Richard) |4 edt | |
| 700 | 1 | |a Tolliday, Steven. |4 edt | |
| 852 | |a INST |b LESVOS |e 19990401 |h 016.3387 INT |p 005100016614 |q 005100016614 |t REF |y 23 | ||
| 901 | |a BIBL-1999-1 | ||
| 909 | |a Λ |b 062032 | ||
| 922 | |a 1ΕΛΗ |b 199812 |c ΚΠΣ/ΚΥΒ |d LEADER | ||
| 950 | |a 023-1998-09-14 | ||